| 000 | 00560nam a2200229Ia 4500 | ||
|---|---|---|---|
| 003 | OSt | ||
| 005 | 20241101120358.0 | ||
| 008 | 210331s9999||||xx |||||||||||||| ||und|| | ||
| 020 | _a9789351444039 | ||
| 040 | _cSTCPL | ||
| 041 | _aENG | ||
| 041 | _hENG | ||
| 082 |
_a371.26 _bGKP-U |
||
| 245 | 0 |
_aUGC NET lectureship exam Paper I / _cPublished by G.K.Publications |
|
| 260 |
_aNoida : _bGk Publications , _c2015 . |
||
| 300 | _bPB | ||
| 650 | _aEducation | ||
| 650 | _aTeaching aptitude | ||
| 650 | _aResearch aptitude | ||
| 942 | _cBK | ||
| 942 | _2ddc | ||
| 999 |
_c71184 _d71184 |
||